guess the David Tennant - Statistics

General Stats
  • This quiz has been taken 90 times
  • The average score is 8 of 16
Answer Stats
Picture Answer % Correct
10th Doctor
98%
14th Doctor
98%
Crowley
89%
Alec Hardy
70%
Barty Crouch Jr
62%
Casanova
52%
Des
51%
Kilgrave
48%
Bildad the Shuhite
44%
Campbell Bain
40%
Phileas Fogg
40%
Simon Yates
27%
Roderick Peterson
24%
Donald Peterson
19%
Mr Logan
17%
Doug McLeod
3%
No matching quizzes found
Score Distribution
Percent of People with Each Score
Percentile by Number Answered
Your Score History
You have not taken this quiz